000 00797nam a22002537a 4500
001 BR8302907
003 BR-BrBNA
005 20230928091656.0
007 ta
008 230509b bl.||||| |||| 00| 0 por d
040 _aBR-BrBNA
_bpor
_cBiblioteca Nacional de Agricultura
041 _a(Por)
072 _aE15
090 _ E15 BR8302907
100 1 _aKroeschell, K.
110 1 _aConselho Nacional de Desenvolvimento Cientifico e Tecnologico, Brasilia, DF (Brasil);
110 1 _aFundacao Petronio Portella, Brasilia, DF (Brasil)
_95018
245 1 _aO direito agrario na sociedade industrial
_bLeituras escolhidas e direito agrario
260 3 _aBrasilia, DF (Brasil):
_c1983.
300 _a10 p.
650 _aDIREITO AGRARIO
909 _a202309
_bLucia
_c55
_dLucia Elande
942 _cBK
999 _c34964
_d34964